Технология обучения, направленная на развитие самостоятельности студентов; Известия Томского политехнического университета [Известия ТПУ]; Т. 309, № 4

Bibliografiske detaljer
Parent link:Известия Томского политехнического университета [Известия ТПУ]/ Томский политехнический университет (ТПУ).— , 2000-
Т. 309, № 4.— 2006.— [С. 244-248]
Andre forfattere: Буйновский А. С. Александр Сергеевич, Медведева М. К., Молотков П. Б., Стась Н. Ф. Николай Фёдорович
Summary:Заглавие с титульного листа
Электронная версия печатной публикации
Рассмотрены проблемы обучения химии в вузах, связанные с недостатками школьной подготовки студентов по этой дисциплине. Описана технология обучения, основанная на комплексном использовании современных средств обучения при чтении лекций и проведении экспресс-контроля перед началом каждой лекции, что обеспечивает интенсификацию образовательного процесса, повышает эффективность обучения, развивает самостоятельную работу студентов.
Sprog:russisk
Udgivet: 2006
Serier:Технологии инженерного образования
Fag:
Online adgang:http://www.lib.tpu.ru/fulltext/v/Bulletin_TPU/2006/v309/i4/53.pdf
Format: MixedMaterials Electronisk Book Chapter
KOHA link:https://koha.lib.tpu.ru/cgi-bin/koha/opac-detail.pl?biblionumber=171469

MARC

LEADER 00000naa2a2200000 4500
001 171469
005 20231031164000.0
035 |a (RuTPU)RU\TPU\book\185927 
035 |a RU\TPU\book\185926 
090 |a 171469 
100 |a 20091204d2006 k y0rusy50 ca 
101 0 |a rus 
102 |a RU 
135 |a drnn ---uucaa 
181 0 |a i  
182 0 |a b 
200 1 |a Технология обучения, направленная на развитие самостоятельности студентов  |b Электронный ресурс  |f А. С. Буйновский, М. К. Медведева, П. Б. Молотков, Н. Ф. Стась 
203 |a Текст  |c электронный 
215 |a 1 файл (104 Кб) 
225 1 |a Технологии инженерного образования 
230 |a Электронные текстовые данные (1 файл : 104 Кб) 
300 |a Заглавие с титульного листа 
300 |a Электронная версия печатной публикации 
320 |a [Библиогр.: с. 248 (7 назв.)] 
330 |a Рассмотрены проблемы обучения химии в вузах, связанные с недостатками школьной подготовки студентов по этой дисциплине. Описана технология обучения, основанная на комплексном использовании современных средств обучения при чтении лекций и проведении экспресс-контроля перед началом каждой лекции, что обеспечивает интенсификацию образовательного процесса, повышает эффективность обучения, развивает самостоятельную работу студентов. 
337 |a Adobe Reader 
461 1 |0 (RuTPU)RU\TPU\book\176237  |t Известия Томского политехнического университета [Известия ТПУ]  |f Томский политехнический университет (ТПУ)  |d 2000- 
463 1 |0 (RuTPU)RU\TPU\book\185844  |x 1684-8519  |t Т. 309, № 4  |v [С. 244-248]  |d 2006  |p 273 с. 
610 1 |a технологии обучения 
610 1 |a самостоятельность 
610 1 |a студенты 
610 1 |a проблемы 
610 1 |a химия 
610 1 |a вузы 
610 1 |a высшие учебные заведения 
610 1 |a недостатки 
610 1 |a школьная подготовка 
610 1 |a дисциплины 
610 1 |a комплексное использование 
610 1 |a современные средства 
610 1 |a лекции 
610 1 |a экспресс-контроль 
610 1 |a интенсификация 
610 1 |a образовательный процесс 
610 1 |a самостоятельная работа 
610 1 |a труды учёных ТПУ 
610 1 |a электронный ресурс 
701 1 |a Буйновский  |b А. С.  |c российский химик  |c профессор Томского политехнического университета  |f 1940-  |g Александр Сергеевич  |2 stltpush  |3 (RuTPU)RU\TPU\pers\21950 
701 1 |a Медведева  |b М. К. 
701 1 |a Молотков  |b П. Б. 
701 1 |a Стась  |b Н. Ф.  |c российский химик  |c доцент Томского политехнического университета  |f 1939-  |g Николай Фёдорович  |2 stltpush  |3 (RuTPU)RU\TPU\pers\25192 
801 1 |a RU  |b 63413507  |c 20090623  |g PSBO 
801 2 |a RU  |b 63413507  |c 20230201  |g PSBO 
856 4 |u http://www.lib.tpu.ru/fulltext/v/Bulletin_TPU/2006/v309/i4/53.pdf 
942 |c BK